| 000 | 00682nam a2200217 a 4500 | ||
|---|---|---|---|
| 003 | MX-MxUPN | ||
| 005 | 20240626063652.0 | ||
| 008 | 991125s1925 mx r 000 0 spa u | ||
| 035 | _aUPN01000026867 | ||
| 040 |
_aMX-MxUPN _bspa _cMX-MxUPN |
||
| 041 | 0 | _aspa | |
| 050 | 4 |
_aLB1045 _bT3.3 |
|
| 100 | 1 |
_aTapia, Lucio _948873 |
|
| 245 | 1 | 0 | _aGuía del maestro en la práctica de la escuela de la acción |
| 260 |
_aMéxico : _bSELFA, _c1925. |
||
| 300 | _a160 páginas | ||
| 500 | _a"Escrita para los maestros primarios de la República" | ||
| 650 | 4 |
_aMaestros _vManuales _9829 |
|
| 710 | 2 |
_aMuseo Pedagógico Nacional (México) _951335 _epropietario anterior |
|
| 942 |
_2lcc _cLIBRO |
||
| 999 |
_c26867 _d26867 |
||